• 首页
  • 本馆介绍
  • 公告通知
  • 最新文献
  • 馆藏检索
  • 电子资源
  • 读者导购
  • 参考咨询
  • 我的图书馆
  • 登录
  • 详细信息显示
  • 放入我的书架
  • 预约/预借图书
  • 作者相关作品
  • 分类相关作品
  • 丛书相关作品
  • 出版社相关作品

书目信息

  • 表格格式
  • 工作单格式
  • 卡片格式
题名:
产业布局学原理
    
 
作者: ;中国人民大学区域经济研究所 编著
分册:  
出版信息: 北京   中国人民大学出版社  1996
页数: 447
开本: 21cm
丛书名:
单 册:
中图分类: F207
科图分类:
主题词: 国民经济--经济管理
电子资源:
ISBN: 7-300-02228-6/F·666
000 00653nam0 2200181 450
001 0760515518
005 20070817164835.51
010    @a7-300-02228-6/F·666@d¥18.00
100    @a20070817d km y0chiy0120 ea
101 0  @achi
200 1  @a产业布局学原理@Achan ye bu ju xue yuan li@f中国人民大学区域经济研究所编著@Fzhong guo ren min da xue qu yu jing ji yan jiu suo bian zhu
210    @a北京@c中国人民大学出版社@d1996
215    @a447@d21cm
606 0  @a国民经济@x经济管理
690    @aF207@v3
711 02 @a中国人民大学区域经济研究所@Azhong guo ren min da xue qu yu jing ji yan jiu suo@4编著
801  0 @aCN@bPFT@c20070817
905    @a213230@dF207@eg67@f1
    
    产业布局学原理/中国人民大学区域经济研究所编著.-北京:中国人民大学出版社,1996
    447;21cm
    
    
    ISBN 7-300-02228-6/F·666:¥18.00
    
●
相关链接 在E读中查询图书 在五车中查询图书 在当当中查询图书 在豆瓣中查询图书


正题名:产业布局学原理     索取号:F207/g67         预约/预借

序号 登录号 条形码 馆藏地/架位号 状态 备注
1 6503668   265036686   密集书库-海洋学院/ [索取号:F207/g67] 在馆    
2 6503669   265036695   密集书库-海洋学院/ [索取号:F207/g67] 在馆    
唐山师范学院图书馆 欢迎您!
大连网信软件有限公司© 版权所有